000 00736nam a2200169Ia 4500
008 090711s9999 xx 000 0 und d
082 _b65900
100 _aSाव्हाण ओमप्रकाश आ.
245 _a"Sाुंबक िSाकित्सा आरोग्य, आजार व उपSाार"
260 _c1990
300 _a71
600 _aSाव्हाण ओमप्रकाश आ.
630 _a"Sाुंबक िSाकित्सा आरोग्य, आजार व उपSाार"
700 _aSाव्हाण ओमप्रकाश आ.
730 _a"Sाुंबक िSाकित्सा आरोग्य, आजार व उपSाार"
942 _cBOOK
999 _c312010
_d312010